All Copa America 2024 Results - Statistics

General Stats
  • This quiz has been taken 58 times
    40 since last reset
  • The average score is 25 of 32
Answer Stats
Round 1st Team Scoreline 2nd Team % Correct
Round 1 Argentina 2-0 Canada
93%
Round 1 Peru 0-0 Chile
86%
Round 1 Mexico 1-0 Jamaica
86%
Final Argentina 1-0 Colombia
83%
Semi-finals Uruguay 0-1 Colombia
79%
Round 3 Jamaica 0-3 Venezuela
79%
Round 2 Venezuela 1-0 Mexico
79%
Round 3 Brazil 1-1 Colombia
79%
Round 1 Ecuador 1-2 Venezuela
79%
Round 1 Unites States 2-0 Bolivia
79%
Round 1 Brazil 0-0 Costa Rica
76%
Round 3 Canada 0-0 Chile
76%
Round 3 Mexico 0-0 Ecuador
76%
Round 2 Peru 0-1 Canada
76%
Round 2 Chile 0-1 Argentina
76%
Round 3 United States 0-1 Uruguay
76%
Quarter-finals Argentina 1-1 Ecuador
76%
Quarter-finals Venezuela 1-1 Canada
76%
Round 3 Bolivia 1-3 Panama
76%
Round 2 Paraguay 1-4 Brazil
76%
Round 3 Argentina 2-0 Peru
76%
Semi-finals Argentina 2-0 Canada
76%
Round 2 Panama 2-1 United States
76%
3rd Place Canada 2-2 Uruguay
76%
Round 2 Uruguay 5-0 Bolivia
76%
Quarter-finals Uruguay 0-0 Brazil
72%
Round 1 Colombia 2-1 Paraguay
72%
Round 2 Colombia 3-0 Costa Rica
72%
Round 1 Uruguay 3-1 Panama
72%
Round 2 Ecuador 3-1 Jamaica
72%
Quarter-finals Colombia 5-0 Panama
72%
Round 3 Costa Rica 2-1 Paraguay
69%
No matching quizzes found
Score Distribution
Percent of People with Each Score
Percentile by Number Answered
Your Score History
You have not taken this quiz since the last reset